Ptaki A-Ż - Statystyki

Ogólne statystyki
  • Ten quiz został rozwiązany 5 622 razy
  • Średni wynik to 16 z 25
Statystyki odpowiedzi
Wskazówka Ptak % Poprawnych
B Rzekomo dostarcza dzieci Bocian
97%
M Często spotykany nad morzem Mewa
96%
O Na polskim godle Orzeł
96%
G Miejski ptak, jego białaodmiana symbolizuje pokój Gołąb
93%
F Różowy ptak brodzący w wodzie Flaming
92%
E Australijski nielot Emu
89%
J Drapieżnik o doskonałym wzroku Jastrząb
89%
Ł Piękny ptak jeziorny,wygląda trochę, jak cyfra 2 Łabędź
87%
K Pływa w wodzie, samiec maczęsto zieloną głowę Kaczka
84%
I Gul gul Indyk
81%
C Duży ptak wodny Czapla
80%
D Wymarły w XVII wieku Dodo
75%
W Ptak ten kojarzony jest przedewszystkim ze śmiercią Wrona
72%
Ż Długoszyi ptak wodny,składany w origami Żuraw
72%
T Jego dziób wygląda jak brzuchatamarchewka, mieszka w Ameryce Południowej Tukan
68%
P Jego spektakularne upierzenie ma imponować samicom Paw
66%
S Największy ptak Struś
63%
A Marynarz będzie miał pecha, jeśli któregoś zabije Albatros
59%
U Sowa o długich uszach Uszatka
55%
R Podobne do ptakana literę M, ale mniejsze Rybitwa
40%
N Wodny ptak na 3 litery Nur
33%
Z Niebieski ptak jedzący ryby Zimorodek
29%
L Ma wielkie oczyi denerwujący śpiew Lelek
15%
Ś Biały ptak, żyje obok wodyi jest aktywny nocą Ślepowron
7%
H Ptak pustynny Hubara
4%
Nie znaleziono quizów pasujących do podanych kryteriów
Rozkład punktacji
Procent ludzi z każdym wynikiem
Percentyl według liczby udzielonych odpowiedzi
Twoja historia wyników
Nie rozwiązałeś tego quizu